00310pab a2200121 454500008004000000100003000040245004600070260000900116300000900125362000900134650003100143773001400174180718b1985 xxu||||| |||| 00| 0 eng d aShrestham, Mangal Krishna aLogistics for project management in Nepal c1985 a71-7 aMar. aProject Management - Nepal aPrashasan